WWE Wyatt Family Members - Statistics

General Stats
  • This quiz has been taken 2,073 times
    2,061 since last reset
  • The average score is 5 of 6
Answer Stats
Members % Correct
Bray Wyatt
98%
Luke Harper
96%
Braun Strowman
90%
Erick Rowan
80%
Randy Orton
79%
Daniel Bryan
73%
No matching quizzes found
Score Distribution
Percent of People with Each Score
Percentile by Number Answered
Your Score History
You have not taken this quiz since the last reset